Algoritmy ekonomičeskich processov Sbornik naučnych trudov

Na minha lista:
Detalhes bibliográficos
Formato: Livro
Idioma:russo
Publicado em: Kišinev Štiinca 1988
Edição:1. izd.
Tags: Adicionar Tag
Sem tags, seja o primeiro a adicionar uma tag!

MARC

LEADER 00000nam a2200000 4500
001 c037316
005 20260202111931.5
041 0 |a rus 
044 |a MD 
245 1 0 |a Algoritmy ekonomičeskich processov  |b Sbornik naučnych trudov 
250 |a 1. izd. 
264 1 |a Kišinev  |b Štiinca  |c 1988 
300 |a 142 s.